00524 2200193 4500001002100000005001700021006001900038008004100057020001800098035002500116041000700141082001200148090001800160100002400178245003300202260003100235300003600266650002800302INLIS00000000000406920140226155614.0a ||| | 180719| ||| | id  a979-543-822-0 a0010-031300000004069 aid0 a634.722 a634.722 TAN p0 aTim bina karya tani00aPedoman bertanam buah pisang aBandungbYrama Widyac2008 aviii + 112 hlm ; 12,5 x 19,5 cm 0abertanam -- buah pisang